Kluby piłkarskie w województwie podkarpackim A-Z - Statystyki

Ogólne statystyki
  • Ten quiz został rozwiązany 15 razy
  • Średni wynik to 9 z 22
Statystyki odpowiedzi
Litera Kluby % Poprawnych
S Stal Rzeszów | Stal Mielec | Siarka Tarnobrzeg | Sokół Domaradz | San Nozdrzec | Start Pruchnik | Syrenka Roźwienica | Strażak Dębowiec | Strażak Niwiska | Start Rymanów | Sanovia Lesko | Stal Łańcut | Sokół Nisko | Sparta Jeżowe | Sokół Sieniawa | Sokół Sokołów Małopolski | Strug Tyczyn | Sokół Kamień | Start Lubenia | Stal Sanok | Stal Stalowa Wola | Sanna Zaklików | Strzelec Frysztak | Stal Nowa Dęba | Stal Gorzyce | Słowianin Grębów
100%
K Karpaty Krosno | KS Wiązownica | KS Tarnowiec | Kolbuszowianka Kolbuszowa | KS Dzikowiec | Korona Majdan Królewski | Kotwica Korczyna | Korona Bojanów
80%
B Bieszczady Ustrzyki Dolne | Brzozovia Brzozów | Błękitni Jasienica Rosielna | Brzostowianka Brzostek | Błękit Żołynia | Bizon Medyka | Błękitni Ropczyce | Błażowianka Błażowa | Bukowianka Bukowsko
67%
C Czarnovia Czarna | Czarni Pawłosiów | Czarni Jasło | Czarni Oleszyce | Ceramika Harasiuki | Crasnovia Krasne | Czarni Czudec
60%
P Polonia Przemyśl | Przełęcz Dukla | Piastovia Miejsce Piastowe | Pogoń Leżajsk | Pogoń-Sokół Lubaczów | Pilica Białobrzegi | Piast Wadowice Górne | Pogórze Dubiecko | Pogórze Wielopole Skrzyńskie | Polonia Hyżne | Przełom Besko
53%
W Wisłoka Dębica | Wiraż Chłopice | Wrzos Krempna | Wisłoka Nowy Żmigród | Wisłok Krościenko Wyżne | Wisłok Czarna | Włókniarz Rakszawa | Wisłoka Borowa | Wisłoczanka Tryńcza | Wisłok Strzyżów | Wisłok Wiśniowa | Wisła Baranów Sandomierski
53%
I Ikarus Tuszów Narodowy | Iskra Jawornik Polski | Izolator Boguchwała
47%
J Jawornik Czarna Górna | JKS Jarosław | Jasiołka Jaśliska | Juwenia Cieszanów | Jarota Jarocin
47%
L Legion Pilzno | LKS Jodłowa | LKS Żyraków | Liwocz Brzyska | LKS Osiek Jasielski | LKS Skołyszyn | Leśnik Baligród | LKS Olszanica | Leśnik Bircza | Lechia Sędziszów Małopolski | Lęk Ostrów | LKS Trzebownisko | LKS Tyrawa Wołoska | LKS Zarszyn
47%
G Galicja Cisna | Grodziszczanka Grodzisko Dolne | Gwiazda Wielkie Oczy | Grunwald Padew Narodowa | Granica Stubno | Gacovia Gać | Głogovia Głogów Małopolski | Galicja Chmielnik | GKS Niebylec
40%
V Victoria Stary Dzików | Victoria Czermin | Viking Orły
40%
D Dynovia Dynów
27%
H Haczovia Haczów | Hetman Laszki
27%
M MKS Radymno | Markovia Markowa | MKS Kańczuga
27%
U Unia Nowa Sarzyna | Unia Fredropol
27%
N Nafta Jedlicze | Nafta Chorkówka | Nelson Polańczyk
20%
O Otryt Lutowiska | Ostoja Kołaczyce | Orzeł Rudnik nad Sanem | Orzeł Przeworsk | Osława Zagórz | Olimpia Pysznica
20%
R Rokita Rokietnica | Raniżovia Raniżów | Rędzinianka Wojaszówka | Roztocze Narol | Radomyślanka Radomyśl Wielki | Retman Ulanów | Rotunda Krzeszów | Radosan Radomyśl nad Sanem
20%
Z Zryw Dydnia | Złotsan Kuryłówka | Zdrój Horyniec-Zdrój | Zorza Zarzecze
20%
Ś Świlczanka Świlcza
13%
T Tempo Cmolas | Team Przecław
13%
Ż Żurawianka Żurawica
7%
Nie znaleziono quizów pasujących do podanych kryteriów
Rozkład punktacji
Procent ludzi z każdym wynikiem
Percentyl według liczby udzielonych odpowiedzi
Twoja historia wyników
Nie rozwiązałeś tego quizu